Evidencia a spracovanie údajov s využitím programového produktu MS Access v hospodárskej praxi bakalárska práca

Na minha lista:
Detalhes bibliográficos
Autor principal: Klein, Marek
Autor Corporativo: Fakulta hospodárskej informatiky EU. Katedra aplikovanej informatiky
Outros Autores: Szivósová, Mária, 1958-
Formato: Livro
Idioma:eslovaco
Publicado em: Bratislava 2015
Tags: Adicionar Tag
Sem tags, seja o primeiro a adicionar uma tag!

MARC

LEADER 00000nbm a2200000 4500
001 0203705
005 20161212114742.7
041 0 |a slo 
044 |a SK 
245 1 0 |a Evidencia a spracovanie údajov s využitím programového produktu MS Access v hospodárskej praxi  |b bakalárska práca  |c Marek Klein ; školiteľ: Mária Szivósová 
264 1 |a Bratislava  |c 2015 
300 |a 40 s. 
100 1 |a Klein, Marek 
700 1 |a Szivósová, Mária, 1958- 
710 2 |a Fakulta hospodárskej informatiky EU. Katedra aplikovanej informatiky